000 00811nam a2200217 i 4500
001 60856
003 ES-MaACL
005 20250721105831.0
007 t|
008 031107s1907 sp ||||1| spa d
100 1 _aEstelrich, Pedro (
_d1844-1912)
_948106
245 1 3 _aEl almendro y su cultivo en el mediodía de España e Islas Baleares /
_cpor Pedro Estelrich.
260 _aMadrid ;
_aBarcelona :
_b[s.n.],
_c1907 (
_fB. Rotger)
300 _aVIII, 216 p., [2] h. de lám. ;
_c20 cm.
530 _aDisponible en formato digital.
650 4 _aAlmendro-
_xCultivo-
_zEspaña.
_9169938
852 _aES-MaACL
_jG-12074
_cSPP3
_zRevisado enlace: 21 de julio de 2025
856 4 _uhttp://bdh-rd.bne.es/viewer.vm?id=0000191146&page=1
_yBiblioteca Digital Hispánica
942 _2udc
999 _c60856
_d60856